00000000cam 2200000zi 4500
0019.961501
003CaOODSP
00520260525133945
006m     o  d f      
007cr cn|||||||||
008260330e199712##onc     of   f000 0 eng d
040 |aCaOODSP|beng|erda|cCaOODSP
043 |an-cn---
0861 |aT52-4/283-1997E-PDF
24500|aInstructor guide : |bGPS.
250 |aFirst edition.
264 1|a[Ottawa] : |bTransport Canada = Transports Canada, |cJanuary 1997.
264 4|c©1997
300 |a1 online resource (28 pages, 6 unnumbered pages)
336 |atext|btxt|2rdacontent
337 |acomputer|bc|2rdamedia
338 |aonline resource|bcr|2rdacarrier
500 |aIssued also in French under title: Guide d'instructeur : GPS.
500 |a"TP 12878E."
650 0|aAids to air navigation|xStudy and teaching|zCanada|vHandbooks, manuals, etc.
650 0|aGlobal Positioning System|xStudy and teaching|zCanada|vHandbooks, manuals, etc.
650 0|aFlight training|zCanada|vHandbooks, manuals, etc.
655 7|aHandbooks and manuals|2lcgft
7101 |aCanada. |bTransport Canada, |eissuing body.
77508|tGuide d'instructeur : |w(CaOODSP)9.963041
85640|qPDF|s176 KB|uhttps://publications.gc.ca/collections/collection_2026/tc/T52-4-283-1997-eng.pdf
8564 |qHTML|sN/A|uhttps://tc.canada.ca/en/aviation/publications/instructor-guide-gps-tp-12878
986 |aTP 12878E